00326 a2200097 4500001001000000005001700010008004100027245007300068100002200141773006500163ART_1871720260410161919.0260409a 10aLa situación laboral y previsional de los administradores y socios1 aRubio, Valentín0 tLa informacióng- Tomo XXXV, Nº 565 (ene. 1977)wREV14902